| 000 | 00932nam a2200217Ia 4500 | ||
|---|---|---|---|
| 001 | 853-SAT sa gi (22163) | ||
| 003 | IT-MiSPE | ||
| 008 | 171229s9999||||xx |||||||||||||| ||und|| | ||
| 040 |
_aIT-MiSPE _cIT-MiSPE |
||
| 041 | _aITALIANO | ||
| 100 | _aSalvatore Satta | ||
| 245 | 0 | _aIl giorno del giudizio | |
| 250 | _a3a ed. | ||
| 260 |
_aMilano _bAdelphi _c1979 |
||
| 300 |
_a292 p. _c22 cm |
||
| 490 |
_aBiblioteca A. _v85 |
||
| 501 | _aEdizioni San Paolo srl - Piazza Soncino, 5 - 20092 CINISELLO BALSAMO (MI) (non commercial uses only) ® Copyright 2018 | ||
| 942 | _cBK | ||
| 957 | _71 | ||
| 999 |
_a13530 _bNO _g Copie: 1 _c354498 _d354498 |
||